| 000 | 00999nam a2200217 i 4500 | ||
|---|---|---|---|
| 001 | 162793 | ||
| 003 | ES-MaACL | ||
| 005 | 20250907063124.0 | ||
| 008 | 990929s1881 ag |||| | spa d | ||
| 100 | 1 |
_aQuesada, Vicente G., _d1830-1913 _994565 |
|
| 245 | 1 | 3 |
_aLa cuestión de límites con Chile _b: considerada bajo el punto de vista de la historia diplomática, del derecho de gentes y de la política internacional / _cpor Vicente G. Quesada. |
| 260 |
_aBuenos Aires : _bImp. y Librería de Mayo, _c1881. |
||
| 300 |
_a146 p. ; _c25 cm. |
||
| 530 | _aDisponible en formato digital. | ||
| 595 | _aSeparata de: Nueva revista de Buenos Aires. | ||
| 651 | 4 |
_aArgentina- _xFronteras- _zChile. _9158791 |
|
| 651 | 4 |
_aChile- _xFronteras- _zArgentina. _9158792 |
|
| 852 |
_aES-MaACL _jT-818-F-3 _z- Enc. hol., conservando enc. original _z- Enc. en un vol. facticio |
||
| 856 |
_uhttp://bdh-rd.bne.es/viewer.vm?id=0000128532&page=1 _zBiblioteca Digital Hispánica |
||
| 999 |
_c162793 _d162793 |
||